De verbo incarnata : thesis prima /

保存先:
書誌詳細
第一著者: Lonergan, Bernard (autor)
フォーマット: 図書
言語:ラテン語
版:3a edición
主題:
タグ: タグ追加
タグなし, このレコードへの初めてのタグを付けませんか!

MARC

LEADER 00000nam^a2200000^a^4500
001 000331340
005 20250521000000.0
009 20260526140730.731
037 |a Acervo Xavier Clavigero 
041 |a LAT 
082 |a 232. 1  |b LON 
100 |a Lonergan, Bernard  |e (autor) 
245 1 0 |a De verbo incarnata :  |b thesis prima /  |c B. Lonergan. 
250 |a 3a edición 
264 |a Roma, Italia :  |b Pontificia Università Gregoriana,  |c 1964 
300 |a 598 p. 
336 |a texto  |b txt  |2 rdacontenido 
337 |a sin mediación  |b n  |2 rdamedio 
338 |a volumen  |b nc  |2 rdasoporte 
649 |a XX 
650 |a Jesucristo -  |x Divinidad 
650 |a Encarnación -  |x Tema Principal 
650 |a Cristología 
650 |a Cristianismo 
650 |a Religión 
910 |a Fondo General 
920 |a Impresos - Libros 
930 |a Colección General 
905 |a 101 
901 |a 0500220449  |b IT1  |c ACC  |u 20250521 
902 |a https://opac.biblio.iteso.mx/vufind/Record/000331340